[Event "Gideon Japhet ACP Open 2018"]
[Site "Jerusalem"]
[Date "2018.07.01"]
[Round "1"]
[White "Melia, Salome"]
[Black "Freidles, Victor"]
[Result "1-0"]
[WhiteElo "2392"]
[BlackElo "2035"]
[Annotator "TA"]
[PlyCount "141"]
[EventDate "2018.07.01"]
[EventType "swiss"]
[EventCountry "ISR"]
[SourceTitle "playchess.com"]
[Source "ChessBase"]
[SourceQuality "1"]

{[%evp 22,141,-14,-14,-15,-20,-12,-25,-18,-11,-10,-15,-8,-10,-13,-10,-1,-21,-5,-22,-11,-22,-14,-14,0,-54,0,-4,0,-155,-189,-152,-58,-62,14,0,12,27,99,46,46,44,56,12,36,22,75,64,91,87,164,169,167,172,167,142,209,206,194,191,161,144,113,115,158,149,115,120,180,170,191,187,205,202,244,218,239,243,355,352,293,172,168,170,343,338,323,292,278,260,297,264,536,426,735,797,713,697,2495,2032,2292,1731,29971,29972,29972,29973,29973,29973,29953,29953,29978,29978,29978,29979,29979,29980,29980,29981,29981,29982,29982,29983]} 1. e4 e5 2. Nf3 Nc6 3. Bc4 Bc5 4. O-O d6 5. c3 Nf6 6. d3 Bb6 7. Nbd2 Ne7 8. Bb3 Ng6 9. Nc4 O-O 10. h3 Be6 {C54: Giuoco Piano: 4 c3 Nf6, main lines with 5 d4 and 5 d3} 11. Ng5 Bxc4 12. Bxc4 {LiveBook: 4 Games} c6 {The position is equal.} 13. Bb3 d5 {[#]} 14. exd5 $146 ({Predecessor:} 14. Qe2 Qd7 15. Kh2 Rae8 16. g3 Kh8 17. Be3 h6 18. Nf3 {½-½ (54) McShane,L (2615)-Werle,J (2563) Germany 2010}) 14... cxd5 15. Nf3 Qd6 16. Bg5 Rad8 17. Nh4 h6 18. Nxg6 fxg6 19. Be3 Bc7 20. g3 Kh7 21. Re1 (21. Bxa7 $2 b6 $19) 21... Nh5 {With the idea ...d4.} 22. Qg4 Nf6 23. Qh4 (23. Qd1 $11) 23... Nh5 (23... Qd7 $15) 24. Qg4 Nf6 25. Qb4 $2 (25. Qh4 $11) 25... Qd7 $1 $17 26. Qh4 (26. Qxb7 Qxh3 27. Bd1 (27. Qxc7 $2 Ng4 $19) 27... Rd7 $17) 26... Qf5 (26... Rde8 $1 $17 27. Ba4 (27. Bxa7 $2 e4 $17) 27... b5) 27. g4 g5 {[#]} (27... Qxd3 $6 28. Rad1 $14) (27... Qd7 $15) 28. Qxh6+ $1 {[%mdl 512]} gxh6 (28... Kxh6 {with more complications.} 29. gxf5 Nh5 30. h4 Nf4 31. hxg5+ Kxg5 32. d4 e4) 29. gxf5 Rfe8 (29... Nh5 $11) 30. d4 (30. Bxa7 b6) (30. Bc5 $16) 30... e4 $1 $14 31. Bd1 $36 {[%mdl 2048] White has good play.} Bf4 32. Be2 a6 33. Rac1 Rc8 (33... Kg7 $11) 34. c4 $16 dxc4 35. Bxc4 Rcd8 (35... Red8 $16) 36. Be6 $18 Re7 37. Rc5 Bd6 38. Rc2 Rc7 (38... Bf4 $16 39. Rc5 Bd6) 39. Rxc7+ Bxc7 40. Rc1 Bb6 41. d5 Bxe3 42. fxe3 $16 {[%mdl 4096] Endgame KRB-KRN} Ne8 43. Rc4 Kg7 44. Rxe4 Kf6 {[#]} (44... Nd6 $16 {might work better.} 45. Rb4 Kf6) 45. Rc4 $1 $18 Ke5 46. Kf2 Nd6 47. Rc7 Rf8 48. Re7 Kf6 49. Rh7 Nxf5 (49... Ke5 $142 50. Ke2 Nxf5 51. Rxb7 Ng3+ 52. Kd3 Ne4) 50. Bxf5 ({Less strong is} 50. Rxb7 Nd6 $18) 50... Kxf5 51. Rxh6 {KR-KR} (51. Re7 $142) 51... Ke4+ 52. Ke2 Rc8 $2 (52... Kxd5 53. Rg6 Rf5) 53. d6 Rc2+ 54. Kd1 Rc5 55. Kd2 Rd5+ 56. Kc3 Kxe3 $2 (56... Ke5 57. a4 Rc5+ 58. Kb4 Rd5) 57. Kc4 Rd2 (57... Re5 $142 58. Rh8 (58. d7 b5+ 59. Kb4 Rd5 $18) 58... b5+ 59. Kb4 Rd5) 58. Kc5 Kf4 59. Rh7 Rxb2 60. d7 Rd2 61. Kb6 Kf5 {[#]} 62. Kc7 $1 {White mates.} Rc2+ 63. Kxb7 Rd2 64. Kc7 Rc2+ 65. Kd8 Kf6 66. Ke8 Re2+ 67. Kf8 Rd2 68. Rh6+ Kf5 69. Ke7 Re2+ 70. Kd6 Rd2+ 71. Kc7 {Precision: White = 81%, Black = 37%.} 1-0

[Event "Gideon Japhet ACP Open 2018"]
[Site "Jerusalem"]
[Date "2018.07.01"]
[Round "1"]
[White "Lorscheid, Gerhard"]
[Black "Nabaty, Tamir"]
[Result "0-1"]
[WhiteElo "2200"]
[BlackElo "2692"]
[Annotator "TA"]
[PlyCount "74"]
[EventDate "2018.07.01"]
[EventType "swiss"]
[EventCountry "ISR"]
[SourceTitle "playchess.com"]
[Source "ChessBase"]
[SourceQuality "1"]

{[%evp 13,74,7,11,0,15,5,13,-2,0,-7,0,-22,-24,-20,-8,0,0,0,0,0,0,0,0,-15,0,0,0,0,22,-2,0,0,0,0,107,103,265,264,274,141,130,50,46,0,8,-63,9,0,0,0,0,-97,-98,-277,-138,-137,-138,-133,-125,-120,-118,-125,-120]} 1. d4 d5 2. c4 e6 3. cxd5 exd5 4. Nc3 c6 5. Bf4 Bf5 6. e3 Qb6 {D31: Queen's Gambit Declined: Semi-Slav without ...Nf6 (+ Marshall Gambit and Noteboom) and Exchange Variation lines without ...Nf6} (6... Nf6 7. Bd3 Bxd3 8. Qxd3 Bd6 9. Bxd6 Qxd6 10. Nf3 {½-½ (10) Rychagov,A (2536)-Zinchenko,Y (2547) Heraklion 2017}) 7. Qc1 Nf6 {LiveBook: 3 Games} 8. Nge2 $146 ({Predecessor:} 8. Nf3 h6 9. Be2 Nbd7 10. O-O Be7 11. Ne5 O-O 12. Nd3 Ne4 13. Nxe4 Bxe4 14. Qd2 a5 15. Rfc1 Rfe8 16. h3 {0-1 (58) Warakomska,A (2295)-Jonkman,H (2410) Hoogeveen 2017}) 8... h6 {The position is equal.} 9. Ng3 Bh7 10. Be2 Nbd7 11. h4 Be7 12. h5 O-O 13. O-O Rac8 14. Qd2 c5 15. Bf3 Rfd8 16. Rac1 Qe6 17. Rfe1 Nb6 18. b3 c4 19. Qb2 Bd3 20. e4 dxe4 21. Ngxe4 Qf5 22. Nxf6+ Bxf6 23. Be5 Nd7 {[#]} (23... Bxe5 $11 24. dxe5 cxb3 25. axb3 Re8) 24. Nd5 $1 $16 Bg5 $2 {[#]} (24... Nb6 $16 {was called for.} 25. Nxf6+ gxf6) 25. Bf4 $1 $18 {[%cal Rf4g5][%mdl 512]} Re8 (25... Bxf4 26. Ne7+) 26. Bxg5 (26. g4 $18 Rxe1+ 27. Rxe1) 26... Qxg5 $16 27. Rxe8+ (27. bxc4 $16 Bxc4 28. Qxb7 (28. Rxe8+ Rxe8 29. Ne3 Rxe3 $14)) 27... Rxe8 $14 28. Ne3 b5 29. Bc6 (29. Qd2 $11) 29... Re7 ({Black should play} 29... Rxe3 $1 $15 30. fxe3 Qxe3+ 31. Kh2 (31. Kh1 Nf6 $17) 31... Nf6) 30. bxc4 {Qxb5 is the strong threat.} bxc4 31. Qb5 Qf4 {Threatens to win with ...Rxe3.} 32. g3 ({Don't go for} 32. Bxd7 $2 Rxe3 33. fxe3 Qxe3+ 34. Kh2 Qf4+ 35. Kh3 Qxc1 $19) (32. Rd1 $11 {keeps the balance.} Rxe3 33. fxe3 Qxe3+ 34. Kh1) 32... Qxd4 $17 33. Bxd7 $2 (33. Nf5 $17 Bxf5 34. Qxf5) 33... Qxd7 (33... Rxe3 $1 $19 {and Black stays clearly on top.} 34. Qb8+ Kh7) 34. Qxd7 Rxd7 35. Rc3 Rc7 36. Nd5 Rc5 37. Nf4 Bb1 {Precision: White = 47%, Black = 35%.} 0-1

[Event "Gideon Japhet ACP Open 2018"]
[Site "Jerusalem"]
[Date "2018.07.01"]
[Round "1"]
[White "Shohat, Yotam"]
[Black "Boruchovsky, Avital"]
[Result "0-1"]
[WhiteElo "2189"]
[BlackElo "2558"]
[Annotator "ChessBase"]
[PlyCount "69"]
[EventDate "2018.07.01"]
[EventType "swiss"]
[EventCountry "ISR"]
[SourceTitle "playchess.com"]
[Source "ChessBase"]
[SourceQuality "1"]
[TimeControl "40/5400+30:1800+30"]

1. e4 {[%emt 0:00:00]} e5 {[%emt 0:00:00]} 2. Nf3 {[%emt 0:00:00]} Nc6 {[%emt 0:00:00]} 3. Bb5 {[%emt 0:00:00]} a6 {[%emt 0:00:00]} 4. Ba4 {[%emt 0:00:00]} Nf6 {[%emt 0:00:00]} 5. O-O {[%emt 0:00:00]} Nxe4 {[%emt 0:00:03]} 6. d4 {[%emt 0:00:20]} b5 {[%emt 0:00:06]} 7. Bb3 {[%emt 0:00:04]} d5 {[%emt 0:00:03]} 8. dxe5 {[%emt 0:00:06]} Be6 {[%emt 0:00:05]} 9. Nbd2 {[%emt 0:01:34]} Nc5 {[%emt 0:00:15]} 10. Qe2 {[%emt 0:02:15]} Be7 {[%emt 0:01:29]} 11. Rd1 {[%emt 0:04:43]} O-O {[%emt 0:01:54]} 12. Nf1 {[%emt 0:02:13]} Nxb3 {[%emt 0:10:23]} 13. axb3 {[%emt 0:00:08]} d4 {[%emt 0:00:07]} 14. Be3 {[%emt 0:12:48]} Bc5 {[%emt 0:01:52]} 15. b4 {[%emt 0:06:24]} Bc4 {[%emt 0:03:39]} 16. Qe1 {[%emt 0:00:48]} Nxb4 {[%emt 0:05:16]} 17. Nxd4 {[%emt 0:03:50]} Qe8 {[%emt 0:05:36]} 18. Bd2 {[%emt 0:17:38]} Nc6 {[%emt 0:05:07]} 19. Nxc6 {[%emt 0:07:19]} Qxc6 {[%emt 0:00:12]} 20. Ne3 {[%emt 0:00:09]} Bb6 {[%emt 0:04:09]} 21. Ba5 {[%emt 0:01:54]} Be6 {[%emt 0:01:57]} 22. Bxb6 {[%emt 0:04:04]} Qxb6 {[%emt 0:00:07]} 23. Qd2 {[%emt 0:13:08]} a5 {[%emt 0:10:47]} 24. Qd4 {[%emt 0:05:01]} Qxd4 {[%emt 0:00:11]} 25. Rxd4 {[%emt 0:00:03]} a4 {[%emt 0:00:09]} 26. Rb4 {[%emt 0:03:55]} Rfb8 {[%emt 0:01:31]} 27. c4 {[%emt 0:00:35]} Bxc4 {[%emt 0:00:07]} 28. Nxc4 {[%emt 0:01:02]} c5 {[%emt 0:00:05]} 29. Nb6 {[%emt 0:00:30]} cxb4 {[%emt 0:00:27]} 30. Nxa8 {[%emt 0:00:07]} Rxa8 {[%emt 0:00:03]} 31. Kf1 {[%emt 0:00:41]} b3 {[%emt 0:00:11]} 32. Ke2 {[%emt 0:00:13]} Rc8 {[%emt 0:01:19]} 33. Rd1 {[%emt 0:00:32]} Rc2+ {[%emt 0:00:04]} 34. Ke3 {[%emt 0:00:06]} Kf8 {[%emt 0:00:40]} 35. Kd4 0-1

[Event "Gideon Japhet ACP Open 2018"]
[Site "Jerusalem"]
[Date "2018.07.01"]
[Round "1"]
[White "Gleizer, Mark"]
[Black "Baron, Tal"]
[Result "0-1"]
[WhiteElo "2161"]
[BlackElo "2530"]
[Annotator "ChessBase"]
[PlyCount "71"]
[EventDate "2018.07.01"]
[EventType "swiss"]
[EventCountry "ISR"]
[SourceTitle "playchess.com"]
[Source "ChessBase"]
[SourceQuality "1"]
[TimeControl "40/5400+30:1800+30"]

1. d4 {[%emt 0:00:00]} Nf6 {[%emt 0:00:02]} 2. Nf3 {[%emt 0:00:00]} d5 {[%emt 0:00:30]} 3. e3 {[%emt 0:00:52]} c5 {[%emt 0:00:48]} 4. c3 {[%emt 0:03:05]} Nbd7 {[%emt 0:06:54]} 5. Nbd2 {[%emt 0:03:48]} g6 {[%emt 0:00:09]} 6. Ne5 {[%emt 0:01:47]} Nxe5 {[%emt 0:05:46]} 7. dxe5 {[%emt 0:00:14]} Ng4 {[%emt 0:02:36]} 8. Bb5+ {[%emt 0:08:10]} Bd7 {[%emt 0:10:14]} 9. e6 {[%emt 0:01:19]} Bxb5 {[%emt 0:00:20]} 10. exf7+ {[%emt 0:00:16]} Kxf7 {[%emt 0:00:05]} 11. Qxg4 {[%emt 0:00:28]} Qc8 {[%emt 0:07:16]} 12. Qxc8 {[%emt 0:15:23]} Rxc8 {[%emt 0:01:15]} 13. f4 {[%emt 0:00:05]} e5 {[%emt 0:04:49]} 14. fxe5 {[%emt 0:03:29]} g5 {[%emt 0:01:52]} 15. h3 {[%emt 0:03:55]} Bg7 {[%emt 0:09:08]} 16. Nf3 {[%emt 0:00:41]} Kg6 {[%emt 0:01:08]} 17. Bd2 {[%emt 0:06:43]} h5 {[%emt 0:06:55]} 18. O-O-O {[%emt 0:00:49]} g4 {[%emt 0:01:57]} 19. Nh4+ {[%emt 0:04:32]} Kf7 {[%emt 0:02:20]} 20. Be1 {[%emt 0:00:56]} Bxe5 {[%emt 0:10:49]} 21. Rxd5 {[%emt 0:01:01]} Rhe8 {[%emt 0:00:35]} 22. hxg4 {[%emt 0:05:09]} hxg4 {[%emt 0:01:26]} 23. Nf5 {[%emt 0:01:18]} Ke6 {[%emt 0:10:44]} 24. e4 {[%emt 0:01:49]} Bc6 {[%emt 0:01:13]} 25. Rh6+ {[%emt 0:09:55]} Kf7 {[%emt 0:00:01]} 26. Nd6+ {[%emt 0:02:57]} Bxd6 {[%emt 0:00:02]} 27. Rdxd6 {[%emt 0:00:19]} Bxe4 {[%emt 0:02:04]} 28. Bh4 {[%emt 0:01:50]} Rc7 {[%emt 0:02:23]} 29. Bd8 {[%emt 0:01:06]} Rc6 {[%emt 0:00:22]} 30. Rd7+ {[%emt 0:00:48]} Kg8 {[%emt 0:00:13]} 31. Bf6 {[%emt 0:00:48]} Rxf6 {[%emt 0:02:11]} 32. Rxf6 {[%emt 0:00:09]} Bc6 {[%emt 0:02:16]} 33. Rc7 {[%emt 0:05:23]} Re4 {[%emt 0:05:51]} 34. Kd2 {[%emt 0:03:14]} c4 {[%emt 0:00:02]} 35. Rd6 {[%emt 0:04:36]} Kf8 {[%emt 0:01:37]} 36. Rd8+ {[%emt 0:01:16]} 0-1

[Event "Gideon Japhet ACP Open 2018"]
[Site "Jerusalem"]
[Date "2018.07.01"]
[Round "1"]
[White "Musyuk, Lior"]
[Black "Steinberg, Nitzan"]
[Result "1/2-1/2"]
[WhiteElo "2160"]
[BlackElo "2521"]
[Annotator "ChessBase"]
[PlyCount "28"]
[EventDate "2018.07.01"]
[EventType "swiss"]
[EventCountry "ISR"]
[SourceTitle "playchess.com"]
[Source "ChessBase"]
[SourceQuality "1"]
[TimeControl "40/5400+30:1800+30"]

1. e4 {[%emt 0:00:00]} c5 {[%emt 0:00:00]} 2. Nf3 {[%emt 0:00:00]} d6 {[%emt 0:00:01]} 3. Bb5+ {[%emt 0:00:03]} Nd7 {[%emt 0:01:12]} 4. d4 {[%emt 0:00:31]} cxd4 {[%emt 0:00:27]} 5. Qxd4 {[%emt 0:00:16]} a6 {[%emt 0:01:01]} 6. Bxd7+ {[%emt 0:00:12]} Bxd7 {[%emt 0:00:08]} 7. c4 {[%emt 0:00:14]} e5 {[%emt 0:03:24]} 8. Qd3 {[%emt 0:00:34]} b5 {[%emt 0:00:12]} 9. Nc3 {[%emt 0:00:21]} bxc4 10. Qxc4 {[%emt 0:00:30]} Be6 {[%emt 0:10:25]} 11. Qc6+ {[%emt 0:00:26]} Bd7 {[%emt 0:00:11]} 12. Qc4 {[%emt 0:00:02]} Be6 {[%emt 0:00:53]} 13. Qc6+ {[%emt 0:00:12]} Bd7 {[%emt 0:00:07]} 14. Qc4 {[%emt 0:00:01]} Be6 {[%emt 0:06:27]} 1/2-1/2

[Event "Gideon Japhet ACP Open 2018"]
[Site "Jerusalem"]
[Date "2018.07.01"]
[Round "1"]
[White "Sokolovsky, Yahli"]
[Black "Oratovsky, Michael"]
[Result "0-1"]
[WhiteElo "2084"]
[BlackElo "2461"]
[Annotator "ChessBase"]
[PlyCount "68"]
[EventDate "2018.07.01"]
[EventType "swiss"]
[EventCountry "ISR"]
[SourceTitle "playchess.com"]
[Source "ChessBase"]
[SourceQuality "1"]
[TimeControl "40/5400+30:1800+30"]

1. e4 {[%emt 0:00:00]} c5 {[%emt 0:00:00]} 2. Nf3 {[%emt 0:00:00]} e6 {[%emt 0:00:00]} 3. d3 {[%emt 0:00:17]} Nc6 {[%emt 0:00:00]} 4. g3 {[%emt 0:00:30]} g6 {[%emt 0:00:05]} 5. Bg2 {[%emt 0:01:19]} Bg7 {[%emt 0:00:08]} 6. O-O {[%emt 0:00:58]} Nge7 {[%emt 0:00:22]} 7. Re1 {[%emt 0:03:11]} d6 {[%emt 0:03:32]} 8. Nbd2 {[%emt 0:04:20]} O-O {[%emt 0:00:50]} 9. Nf1 {[%emt 0:05:50]} e5 {[%emt 0:07:40]} 10. Ne3 {[%emt 0:13:42]} h6 {[%emt 0:17:56]} 11. c3 {[%emt 0:09:00]} Be6 {[%emt 0:03:37]} 12. Nh4 {[%emt 0:12:39]} d5 {[%emt 0:17:57]} 13. c4 {[%emt 0:12:19]} dxc4 {[%emt 0:05:36]} 14. dxc4 {[%emt 0:02:41]} Nd4 {[%emt 0:00:40]} 15. Nd5 {[%emt 0:04:00]} Nec6 {[%emt 0:13:24]} 16. Be3 {[%emt 0:01:43]} Rc8 {[%emt 0:06:47]} 17. Qd2 {[%emt 0:02:15]} Kh7 {[%emt 0:01:48]} 18. Nf3 {[%emt 0:03:01]} Bg4 {[%emt 0:07:33]} 19. Bxd4 {[%emt 0:01:37]} exd4 {[%emt 0:00:17]} 20. a3 {[%emt 0:07:06]} Bxf3 {[%emt 0:01:44]} 21. Bxf3 {[%emt 0:00:03]} Ne5 {[%emt 0:00:06]} 22. Be2 {[%emt 0:10:43]} d3 {[%emt 0:00:10]} 23. f4 {[%emt 0:02:04]} Nxc4 {[%emt 0:00:24]} 24. Qxd3 {[%emt 0:00:12]} Nxb2 {[%emt 0:00:11]} 25. Qc2 {[%emt 0:01:43]} c4 {[%emt 0:02:14]} 26. Rab1 {[%emt 0:00:44]} Qa5 {[%emt 0:00:50]} 27. Rec1 {[%emt 0:00:52]} Qxa3 {[%emt 0:02:41]} 28. Kg2 {[%emt 0:00:38]} Rfd8 {[%emt 0:01:25]} 29. Ra1 {[%emt 0:00:30]} Qc5 {[%emt 0:00:27]} 30. Ra2 {[%emt 0:00:31]} Qd4 {[%emt 0:00:54]} 31. Qc3 {[%emt 0:00:30]} Qxe4+ {[%emt 0:01:12]} 32. Bf3 {[%emt 0:00:12]} Qxd5 {[%emt 0:01:37]} 33. Bxd5 {[%emt 0:00:44]} Bxc3 {[%emt 0:00:06]} 34. Rxc3 {[%emt 0:00:18]} Nd1 {[%emt 0:00:55]} 0-1

[Event "Gideon Japhet ACP Open 2018"]
[Site "Jerusalem"]
[Date "2018.07.01"]
[Round "1"]
[White "Ben Ari, Yannay"]
[Black "Ushenina, Anna"]
[Result "*"]
[WhiteElo "2069"]
[BlackElo "2447"]
[Annotator "ChessBase"]
[PlyCount "72"]
[EventDate "2018.07.01"]
[EventType "swiss"]
[EventCountry "ISR"]
[SourceTitle "playchess.com"]
[Source "ChessBase"]
[SourceQuality "1"]
[TimeControl "40/5400+30:1800+30"]

1. e4 {[%emt 0:40:14]} d5 {[%emt 0:40:17]} 2. exd5 {[%emt 0:00:25]} Nf6 {[%emt 0:00:25]} 3. c4 {[%emt 0:00:49]} c6 {[%emt 0:00:27]} 4. d4 {[%emt 0:01:07]} cxd5 {[%emt 0:00:28]} 5. cxd5 {[%emt 0:00:27]} Nxd5 {[%emt 0:00:30]} 6. Bc4 {[%emt 0:00:56]} Nc6 {[%emt 0:01:30]} 7. Nc3 {[%emt 0:04:24]} Nb6 {[%emt 0:03:11]} 8. Bb5 {[%emt 0:01:32]} Bd7 {[%emt 0:00:29]} 9. Nf3 {[%emt 0:01:23]} a6 {[%emt 0:01:20]} 10. Bxc6 {[%emt 0:02:31]} Bxc6 {[%emt 0:00:31]} 11. O-O {[%emt 0:01:22]} g6 {[%emt 0:03:03]} 12. Ne5 {[%emt 0:05:07]} Bd5 {[%emt 0:00:40]} 13. Nxd5 {[%emt 0:04:23]} Qxd5 {[%emt 0:00:37]} 14. Be3 {[%emt 0:02:38]} Bg7 {[%emt 0:00:50]} 15. Re1 {[%emt 0:02:28]} O-O {[%emt 0:00:38]} 16. Qf3 {[%emt 0:02:45]} Qxf3 {[%emt 0:03:43]} 17. Nxf3 {[%emt 0:00:47]} Nd5 {[%emt 0:01:03]} 18. Bd2 {[%emt 0:01:22]} Rfd8 {[%emt 0:00:44]} 19. Rac1 {[%emt 0:01:28]} e6 {[%emt 0:04:15]} 20. g3 {[%emt 0:02:11]} Rdc8 {[%emt 0:03:03]} 21. b3 {[%emt 0:02:16]} Bf8 {[%emt 0:01:40]} 22. Bg5 {[%emt 0:15:58]} Nb4 {[%emt 0:02:38]} 23. Rc4 {[%emt 0:02:08]} b5 {[%emt 0:01:43]} 24. Rxc8 {[%emt 0:01:23]} Rxc8 {[%emt 0:00:24]} 25. Rc1 {[%emt 0:00:35]} Rxc1+ {[%emt 0:01:30]} 26. Bxc1 {[%emt 0:00:23]} Nxa2 {[%emt 0:00:30]} 27. Be3 {[%emt 0:00:41]} Nb4 {[%emt 0:02:19]} 28. Bd2 {[%emt 0:00:53]} Nc6 {[%emt 0:00:28]} 29. Bc3 {[%emt 0:00:35]} a5 {[%emt 0:02:43]} 30. Kf1 {[%emt 0:00:28]} a4 {[%emt 0:00:26]} 31. bxa4 {[%emt 0:00:36]} bxa4 {[%emt 0:00:25]} 32. Ke1 {[%emt 0:00:32]} Bb4 {[%emt 0:01:09]} 33. Bxb4 {[%emt 0:00:31]} Nxb4 {[%emt 0:00:23]} 34. Kd1 {[%emt 0:00:35]} Nd3 {[%emt 0:01:53]} 35. Ke2 {[%emt 0:00:47]} a3 {[%emt 0:00:36]} 36. Nd2 {[%emt 0:00:46]} Nc1+ {[%emt 0:00:29]} *

[Event "Gideon Japhet ACP Open 2018"]
[Site "Jerusalem"]
[Date "2018.07.01"]
[Round "1"]
[White "Ben Ari, Yannay"]
[Black "Ushenina, Anna"]
[Result "0-1"]
[WhiteElo "2069"]
[BlackElo "2447"]
[Annotator "ChessBase"]
[PlyCount "66"]
[EventDate "2018.07.01"]
[EventType "swiss"]
[EventCountry "ISR"]
[SourceTitle "playchess.com"]
[Source "ChessBase"]
[SourceQuality "1"]
[TimeControl "40/5400+30:1800+30"]

1. e4 {[%emt 0:40:09]} c5 {[%emt 0:02:17]} 2. Nc3 {[%emt 0:00:00]} Nc6 {[%emt 0:00:48]} 3. g3 {[%emt 0:00:00]} g6 {[%emt 0:00:03]} 4. Bg2 {[%emt 0:00:00]} Bg7 {[%emt 0:02:48]} 5. Nge2 {[%emt 0:00:00]} d6 {[%emt 0:01:31]} 6. O-O {[%emt 0:00:00]} Rb8 {[%emt 0:04:43]} 7. d3 {[%emt 0:00:00]} b5 {[%emt 0:05:23]} 8. f4 {[%emt 0:00:00]} e6 {[%emt 0:15:47]} 9. Be3 {[%emt 0:06:25]} b4 {[%emt 0:14:48]} 10. Na4 {[%emt 0:13:29]} Nd4 {[%emt 0:15:24]} 11. a3 Bd7 {[%emt 0:08:41]} 12. Bxd4 {[%emt 0:07:47]} cxd4 {[%emt 0:00:59]} 13. axb4 {[%emt 0:00:16]} Rxb4 {[%emt 0:00:24]} 14. c3 {[%emt 0:01:49]} dxc3 {[%emt 0:02:26]} 15. bxc3 {[%emt 0:01:08]} Rb8 {[%emt 0:00:06]} 16. d4 {[%emt 0:02:52]} Ne7 {[%emt 0:03:34]} 17. e5 {[%emt 0:05:50]} O-O {[%emt 0:02:29]} 18. c4 {[%emt 0:13:06]} Nf5 {[%emt 0:01:28]} 19. Rf3 {[%emt 0:01:33]} Rb4 {[%emt 0:06:43]} 20. c5 {[%emt 0:02:14]} Bxa4 {[%emt 0:00:40]} 21. Rxa4 {[%emt 0:00:07]} dxc5 {[%emt 0:00:14]} 22. Rxa7 {[%emt 0:03:00]} Qb6 {[%emt 0:02:10]} 23. Ra1 {[%emt 0:00:28]} Nxd4 {[%emt 0:01:52]} 24. Nxd4 {[%emt 0:00:17]} Rxd4 {[%emt 0:00:04]} 25. Qc2 {[%emt 0:00:52]} Rfd8 {[%emt 0:00:33]} 26. Rc1 {[%emt 0:00:34]} Bf8 {[%emt 0:01:45]} 27. Rf2 {[%emt 0:00:50]} c4 {[%emt 0:00:39]} 28. Kh1 {[%emt 0:00:09]} Bb4 {[%emt 0:00:49]} 29. Rb1 {[%emt 0:00:10]} c3 {[%emt 0:00:49]} 30. Qxc3 {[%emt 0:00:42]} Rd1+ {[%emt 0:00:11]} 31. Rf1 {[%emt 0:00:02]} Rxf1+ {[%emt 0:01:37]} 32. Bxf1 {[%emt 0:00:03]} Qb7+ {[%emt 0:00:03]} 33. Kg1 {[%emt 0:01:17]} Qa7+ {[%emt 0:00:02]} 0-1